[Event "Mittelrhein Regionalliga 1718"]
[Site "Nordrheinwestfalen"]
[Date "2018.04.15"]
[Round "8.1"]
[White "Horstmann, Olaf"]
[Black "Weber, Peter"]
[Result "1/2-1/2"]
[WhiteElo "2145"]
[BlackElo "2161"]
[PlyCount "45"]
[EventDate "2017.09.10"]
[EventType "team-tourn"]
[EventRounds "9"]
[EventCountry "GER"]
[SourceTitle "EXT 2022"]
[Source "ChessBase"]
[SourceDate "2021.10.06"]
[SourceVersion "1"]
[SourceVersionDate "2021.10.06"]
[SourceQuality "1"]
[WhiteTeam "Bonn Stadtverwaltung"]
[BlackTeam "Langenfeld"]
[WhiteTeamCountry "GER"]
[BlackTeamCountry "GER"]

1. e4 e6 2. d3 d5 3. Qe2 Nf6 4. Nf3 Be7 5. g3 b6 6. Bg2 dxe4 7. dxe4 Ba6 8. c4 c6 9. 0-0 0-0 10. e5 Nfd7 11. Nc3 Qc7 12. Bf4 Rd8 13. Ne4 Nf8 14. Rad1 Ng6 15. Bg5 Nd7 16. Bxe7 Nxe7 17. Nc3 Ng6 18. Rfe1 Ndf8 19. Nd4 Bb7 20. f4 a6 21. Ne4 c5 22. Nf3 Rxd1 23. Rxd1 1/2-1/2

[Event "Mittelrhein Regionalliga 1718"]
[Site "Nordrheinwestfalen"]
[Date "2018.02.04"]
[Round "6.1"]
[White "Horstmann, Olaf"]
[Black "Rajashekarraju, Shridhar"]
[Result "0-1"]
[WhiteElo "2145"]
[BlackElo "2146"]
[PlyCount "45"]
[EventDate "2017.09.10"]
[EventType "team-tourn"]
[EventRounds "9"]
[EventCountry "GER"]
[SourceTitle "EXT 2022"]
[Source "ChessBase"]
[SourceDate "2021.10.06"]
[SourceVersion "1"]
[SourceVersionDate "2021.10.06"]
[SourceQuality "1"]
[WhiteTeam "Bonn Stadtverwaltung"]
[BlackTeam "Aachen SV II"]
[WhiteTeamCountry "GER"]
[BlackTeamCountry "GER"]

1. e4 c6 2. d4 d5 3. exd5 cxd5 4. Bd3 Nc6 5. c3 Qc7 6. h3 Nf6 7. Nf3 e6 8. 0-0 Bd6 9. Re1 h6 10. Qe2 0-0 11. Ne5 a6 12. Nd2 b5 13. a3 Na5 14. f4 Bb7 15. g4 Nc4 16. h4 Nxd2 17. Bxd2 Ne4 18. Be3 f5 19. g5 Bxe5 20. dxe5 hxg5 21. hxg5 g6 22. Kg2 d4 23. Kh2 0-1

[Event "Mittelrhein Regionalliga 1718"]
[Site "Nordrheinwestfalen"]
[Date "2017.11.12"]
[Round "3.1"]
[White "Horstmann, Olaf"]
[Black "Dardha, Arben"]
[Result "1-0"]
[WhiteElo "2145"]
[BlackElo "2272"]
[PlyCount "120"]
[EventDate "2017.09.10"]
[EventType "team-tourn"]
[EventRounds "9"]
[EventCountry "GER"]
[SourceTitle "EXT 2022"]
[Source "ChessBase"]
[SourceDate "2021.10.06"]
[SourceVersion "1"]
[SourceVersionDate "2021.10.06"]
[SourceQuality "1"]
[WhiteTeam "Bonn Stadtverwaltung"]
[BlackTeam "Wuerselen"]
[WhiteTeamCountry "GER"]
[BlackTeamCountry "GER"]

1. e4 c5 2. Nc3 e6 3. g3 d5 4. exd5 exd5 5. Bg2 Nf6 6. d3 d4 7. Ne4 Be7 8. Ne2 Nbd7 9. 0-0 0-0 10. Nf4 Re8 11. Bd2 Rb8 12. Re1 b6 13. Nxf6+ Nxf6 14. Nh5 Nxh5 15. Qxh5 Bd6 16. Rxe8+ Qxe8 17. Re1 Qf8 18. Be4 g6 19. Qf3 Be6 20. Bd5 Bxd5 21. Qxd5 Rd8 22. Qc6 Rc8 23. Qe4 h6 24. Kg2 Rc7 25. Qd5 Kh7 26. Re4 Be7 27. Bf4 Rc8 28. Qd7 Bg5 29. Bxg5 hxg5 30. Qxa7 Rc6 31. Qd7 Rd6 32. Qg4 Qd8 33. Qe2 Qa8 34. Qf3 Qa7 35. h4 gxh4 36. Rxh4+ Kg8 37. Qf4 Qa8+ 38. Kh2 Rd5 39. Qf6 Rh5 40. Rxh5 gxh5 41. Qg5+ Kf8 42. Qxh5 Qxa2 43. Qh6+ Kg8 44. Qxb6 Qd5 45. Qb8+ Kg7 46. Qf4 Kg8 47. b3 Kf8 48. g4 Qe6 49. Kg3 Qc6 50. Qe5 Kg8 51. Qe4 Qc7+ 52. f4 Qa5 53. Qe8+ Kg7 54. Qe5+ Kg8 55. Kh4 Qb6 56. Qg5+ Kf8 57. Kh5 Ke8 58. Qe5+ Kf8 59. f5 f6 60. Qe6 Qd8 1-0

[Event "Mittelrhein Verbandsliga-O 16/17"]
[Site "Nordrheinwestfalen"]
[Date "2016.10.23"]
[Round "3"]
[White "Horstmann, Olaf"]
[Black "Schwarz, Andreas"]
[Result "1/2-1/2"]
[WhiteElo "2131"]
[BlackElo "2055"]
[PlyCount "55"]
[EventDate "2016.09.11"]
[EventType "team-tourn"]
[EventRounds "11"]
[EventCountry "GER"]
[SourceTitle "EXT 2022"]
[Source "ChessBase"]
[SourceDate "2021.10.06"]
[SourceVersion "1"]
[SourceVersionDate "2021.10.06"]
[SourceQuality "1"]
[WhiteTeam "Bonn Stadtverwaltung"]
[BlackTeam "Troisdorf"]
[WhiteTeamCountry "GER"]
[BlackTeamCountry "GER"]

1. e4 c6 2. d4 d5 3. e5 Bf5 4. Nf3 e6 5. Be3 Ne7 6. Be2 Nd7 7. Nh4 c5 8. c3 Bxb1 9. Rxb1 cxd4 10. cxd4 Nc6 11. Nf3 Bb4+ 12. Nd2 f6 13. exf6 Nxf6 14. 0-0 0-0 15. a3 Bxd2 16. Qxd2 Ne4 17. Qd3 Qf6 18. Rbc1 Nd6 19. Rfd1 Nf5 20. Rc2 Rac8 21. Bf1 a6 22. g3 Nce7 23. Re2 Rc6 24. Bf4 Ng6 25. Be5 Nxe5 26. dxe5 Qh6 27. Rc2 Rfc8 28. Rxc6 1/2-1/2

[Event "Prague Summer op-A 3rd"]
[Site "Prague"]
[Date "2016.08.12"]
[Round "9"]
[White "Horstmann, Olaf"]
[Black "Shkuran, Danylo"]
[Result "0-1"]
[WhiteElo "2164"]
[BlackElo "2443"]
[PlyCount "58"]
[EventDate "2016.08.05"]
[EventType "swiss"]
[EventRounds "9"]
[EventCountry "CZE"]
[SourceTitle "CBM 173 Extra"]
[Source "ChessBase"]
[SourceDate "2016.08.29"]
[SourceVersion "1"]
[SourceVersionDate "2016.08.29"]
[SourceQuality "1"]

1. e4 c5 2. Nc3 Nc6 3. g3 g6 4. Bg2 Bg7 5. d3 d6 6. Be3 Rb8 7. Qd2 b5 8. Nge2 Nd4 9. 0-0 Qa5 10. f4 h5 11. h3 Nh6 12. f5 gxf5 13. Nf4 Ng8 14. Qd1 h4 15. Nh5 Be5 16. gxh4 Nxc2 17. Qxc2 Rxh5 18. Qe2 Rxh4 19. exf5 Nf6 20. Rae1 b4 21. Bg5 bxc3 22. Bxh4 Rxb2 23. Bc6+ Bd7 24. Qf3 Qxa2 25. Rxe5 dxe5 26. Bxf6 exf6 27. Bd5 Qa4 28. Kh1 Qf4 29. Bxf7+ Ke7 0-1

[Event "Prague Summer op-A 3rd"]
[Site "Prague"]
[Date "2016.08.07"]
[Round "4"]
[White "Malek, Daniel"]
[Black "Horstmann, Olaf"]
[Result "1-0"]
[WhiteElo "2430"]
[BlackElo "2164"]
[PlyCount "61"]
[EventDate "2016.08.05"]
[EventType "swiss"]
[EventRounds "9"]
[EventCountry "CZE"]
[SourceTitle "CBM 173 Extra"]
[Source "ChessBase"]
[SourceDate "2016.08.29"]
[SourceVersion "1"]
[SourceVersionDate "2016.08.29"]
[SourceQuality "1"]

1. d4 e6 2. e4 d5 3. Nd2 Nc6 4. Ngf3 Nf6 5. e5 Nd7 6. Bd3 Nb4 7. Be2 c5 8. c3 Nc6 9. 0-0 f6 10. exf6 Qxf6 11. dxc5 Bxc5 12. c4 0-0 13. cxd5 exd5 14. Nb3 d4 15. Bg5 Qd6 16. Bh4 Bb6 17. Bg3 Qf6 18. Kh1 Nc5 19. Nxc5 Bxc5 20. Nd2 Bb6 21. Nc4 Bc5 22. a3 a6 23. Rc1 Ba7 24. Bf3 Rd8 25. Bc7 Be6 26. Bxd8 Rxd8 27. Nd2 Ne5 28. Bxb7 Nd3 29. Ne4 Qe7 30. Qxd3 Qxb7 31. Ng5 1-0

[Event "Prague Summer op-A 3rd"]
[Site "Prague"]
[Date "2016.08.06"]
[Round "2"]
[White "Kulhanek, Tomas"]
[Black "Horstmann, Olaf"]
[Result "1-0"]
[WhiteElo "2364"]
[BlackElo "2164"]
[PlyCount "49"]
[EventDate "2016.08.05"]
[EventType "swiss"]
[EventRounds "9"]
[EventCountry "CZE"]
[SourceTitle "CBM 173 Extra"]
[Source "ChessBase"]
[SourceDate "2016.08.29"]
[SourceVersion "1"]
[SourceVersionDate "2016.08.29"]
[SourceQuality "1"]

1. e4 e6 2. d4 d5 3. e5 c5 4. c3 Nc6 5. Nf3 Nh6 6. dxc5 Bxc5 7. b4 Bb6 8. b5 Ne7 9. Bd3 Ng6 10. 0-0 f6 11. Bxg6+ hxg6 12. Qd3 Kf7 13. Be3 Bc7 14. Bd4 Bd7 15. Nbd2 Ng4 16. Rfe1 Qb8 17. Ng5+ Kg8 18. exf6 Bxh2+ 19. Kf1 Rh6 20. f7+ Kf8 21. g3 b6 22. Qf3 Bxg3 23. Qxg4 Bf4 24. Nxe6+ Bxe6 25. Qxe6 1-0

[Event "Mittelrhein Verbandsliga-O 15/16"]
[Site "Nordrheinwestfalen"]
[Date "2016.02.21"]
[Round "8"]
[White "Zinchenko, Yaroslav"]
[Black "Horstmann, Olaf"]
[Result "1-0"]
[WhiteElo "2533"]
[BlackElo "2139"]
[PlyCount "57"]
[EventDate "2015.09.06"]
[EventType "team-tourn"]
[EventRounds "11"]
[EventCountry "GER"]
[SourceTitle "EXT 2022"]
[Source "ChessBase"]
[SourceDate "2021.10.06"]
[SourceVersion "1"]
[SourceVersionDate "2021.10.06"]
[SourceQuality "1"]
[WhiteTeam "Siegburg"]
[BlackTeam "Bonn Stadtverwaltung"]
[WhiteTeamCountry "GER"]
[BlackTeamCountry "GER"]

1. e4 d5 2. exd5 Qxd5 3. Nc3 Qa5 4. Bc4 Nf6 5. d3 c6 6. Bd2 Qc7 7. Qe2 Bf5 8. h3 e6 9. g4 Bg6 10. f4 Be7 11. Nf3 Nbd7 12. 0-0-0 b5 13. Bb3 a5 14. Rde1 a4 15. Bxe6 fxe6 16. f5 b4 17. Nd1 b3 18. a3 bxc2 19. Kxc2 Qb7 20. fxg6 0-0-0 21. Qxe6 Rhe8 22. gxh7 Nxh7 23. Nd4 Bh4 24. Qxe8 Rxe8 25. Rxe8+ Kc7 26. Ba5+ Kd6 27. Nf5+ Kc5 28. d4+ Kb5 29. Nd6+ 1-0

[Event "Berlin Werner Ott op"]
[Site "Berlin"]
[Date "2014.07.12"]
[Round "8"]
[White "Wierzbicki, Jirawat"]
[Black "Horstmann, Olaf"]
[Result "0-1"]
[WhiteElo "1804"]
[BlackElo "2182"]
[PlyCount "48"]
[EventDate "2014.07.05"]
[EventType "swiss"]
[EventRounds "9"]
[EventCountry "GER"]
[SourceTitle "CBM 161 Extra"]
[Source "ChessBase"]
[SourceDate "2014.08.29"]
[SourceVersion "1"]
[SourceVersionDate "2014.08.29"]
[SourceQuality "1"]

1. e4 e6 2. d4 d5 3. Nc3 Nc6 4. Nf3 Nf6 5. Bg5 Be7 6. Bxf6 Bxf6 7. Bb5 0-0 8. Qd2 Be7 9. 0-0-0 a6 10. Bxc6 bxc6 11. h4 Rb8 12. Qd3 Qd6 13. a3 Rxb2 14. Nxd5 Ra2 15. Nb4 Ra1+ 16. Kb2 Rxd1 17. Rxd1 c5 18. dxc5 Qxc5 19. Rd2 a5 20. Na2 Bb7 21. Nc1 Rb8 22. Qb3 Qa7 23. Ka1 Bxe4 24. Qa4 Bxf3 0-1

[Event "Berlin Werner Ott op"]
[Site "Berlin"]
[Date "2014.07.07"]
[Round "3"]
[White "Horstmann, Olaf"]
[Black "Richter, Michael"]
[Result "1/2-1/2"]
[WhiteElo "2182"]
[BlackElo "2491"]
[PlyCount "40"]
[EventDate "2014.07.05"]
[EventType "swiss"]
[EventRounds "9"]
[EventCountry "GER"]
[SourceTitle "CBM 161 Extra"]
[Source "ChessBase"]
[SourceDate "2014.08.29"]
[SourceVersion "1"]
[SourceVersionDate "2014.08.29"]
[SourceQuality "1"]

1. e4 e6 2. d4 d5 3. exd5 exd5 4. Bd3 Bd6 5. Nf3 Nc6 6. 0-0 Nge7 7. Re1 Bg4 8. c3 Qd7 9. Nbd2 0-0-0 10. b4 Ng6 11. h3 Nf4 12. Bf1 Bh5 13. b5 Ne7 14. Qa4 Kb8 15. Ne5 Bxe5 16. dxe5 Ne6 17. Nb3 Bg6 18. Be3 b6 19. Nd4 Nxd4 20. cxd4 Rhe8 1/2-1/2

[Event "Mittelrhein Verbandsliga Ost 1314"]
[Site "Mittelrhein"]
[Date "2013.11.24"]
[Round "4.1"]
[White "Riemann, Claus"]
[Black "Horstmann, Olaf"]
[Result "1/2-1/2"]
[WhiteElo "2121"]
[BlackElo "2113"]
[PlyCount "34"]
[EventDate "2013.09.15"]
[EventType "team-tourn"]
[EventRounds "11"]
[EventCountry "GER"]
[SourceTitle "EXT 2023"]
[Source "ChessBase"]
[SourceDate "2022.10.05"]
[SourceVersion "1"]
[SourceVersionDate "2022.10.05"]
[SourceQuality "1"]
[WhiteTeam "Bonn Empor Maulwurf"]
[BlackTeam "Bonn Stadtverwaltung"]
[WhiteTeamCountry "GER"]
[BlackTeamCountry "GER"]

1. e4 e6 2. d4 d5 3. Nc3 Nc6 4. e5 f6 5. Nf3 Qe7 6. Bb5 Bd7 7. Bf4 0-0-0 8. Qe2 Qf7 9. 0-0 g5 10. Bxc6 Bxc6 11. Bg3 g4 12. Ne1 f5 13. Nd3 Ne7 14. Bh4 Re8 15. Qd2 Ng6 16. Bf6 Bg7 17. Bxg7 Qxg7 1/2-1/2

[Event "Berlin Werner Ott op"]
[Site "Berlin"]
[Date "2013.07.14"]
[Round "9"]
[White "Bieg, Pascal"]
[Black "Horstmann, Olaf"]
[Result "0-1"]
[WhiteElo "1841"]
[BlackElo "2161"]
[PlyCount "90"]
[EventDate "2013.07.06"]
[EventType "swiss"]
[EventRounds "9"]
[EventCountry "GER"]
[SourceTitle "CBM 155 Extra"]
[Source "ChessBase"]
[SourceDate "2013.08.26"]
[SourceVersion "1"]
[SourceVersionDate "2013.08.26"]
[SourceQuality "1"]

1. e4 d5 2. exd5 Qxd5 3. Nc3 Qa5 4. d4 Nf6 5. Nf3 Bg4 6. h3 Bh5 7. g4 Bg6 8. Ne5 e6 9. Bg2 c6 10. h4 Nbd7 11. 0-0 Nxe5 12. dxe5 Qxe5 13. Re1 Qc7 14. h5 Bxc2 15. Qxc2 Nxg4 16. Bg5 Qh2+ 17. Kf1 Qxh5 18. Ne4 h6 19. Nf6+ gxf6 20. Bxc6+ bxc6 21. Qxc6+ Ke7 22. Qb7+ Ke8 23. Qxa8+ Ke7 24. Qxa7+ Ke8 25. Qb8+ Ke7 26. Qc7+ Ke8 27. Qc6+ Ke7 28. Bf4 e5 29. Rad1 Qh3+ 30. Qg2 Qxg2+ 31. Kxg2 Rg8 32. Kf1 Ke6 33. Bd2 Bd6 34. Be3 Bb4 35. Bd2 Bc5 36. f4 Nf2 37. Rb1 Nd3 38. Red1 e4 39. b4 Bd4 40. f5+ Kxf5 41. Bxh6 Rg1+ 42. Ke2 Rg2+ 43. Kf1 Rf2+ 44. Kg1 Rxa2+ 45. Kh1 Nf2+ 0-1

[Event "Berlin Werner Ott op"]
[Site "Berlin"]
[Date "2013.07.11"]
[Round "6"]
[White "Horstmann, Olaf"]
[Black "Kopisch, Martin"]
[Result "1/2-1/2"]
[WhiteElo "2161"]
[BlackElo "2129"]
[PlyCount "64"]
[EventDate "2013.07.06"]
[EventType "swiss"]
[EventRounds "9"]
[EventCountry "GER"]
[SourceTitle "CBM 155 Extra"]
[Source "ChessBase"]
[SourceDate "2013.08.26"]
[SourceVersion "1"]
[SourceVersionDate "2013.08.26"]
[SourceQuality "1"]

1. e4 e6 2. d3 b6 3. Nf3 Bb7 4. g3 d5 5. Nbd2 Nf6 6. Bg2 Nbd7 7. Qe2 dxe4 8. dxe4 a5 9. 0-0 Ba6 10. c4 e5 11. Rd1 Bc5 12. Nf1 Qe7 13. Ne3 Bxe3 14. Bxe3 h6 15. Nh4 g6 16. Bh3 0-0-0 17. f3 Kb8 18. a3 a4 19. b4 axb3 20. a4 Nc5 21. a5 Rxd1+ 22. Rxd1 bxa5 23. Qd2 Nb7 24. Qc3 Rd8 25. Rxd8+ Qxd8 26. Qxb3 Qd6 27. Bf1 Nd7 28. Ng2 Ndc5 29. Qc2 h5 30. Ne1 Ne6 31. Kf2 Nd4 32. Qd1 Qc6 1/2-1/2

[Event "Regionalliga Mittelrhein 1213"]
[Site "Germany"]
[Date "2013.04.14"]
[Round "9.5"]
[White "Goy, Udo"]
[Black "Horstmann, Olaf"]
[Result "0-1"]
[WhiteElo "2101"]
[BlackElo "2094"]
[PlyCount "52"]
[EventDate "2012.09.09"]
[EventType "team"]
[EventRounds "11"]
[EventCountry "GER"]
[SourceTitle "EXT 2015"]
[Source "ChessBase"]
[SourceDate "2014.11.20"]
[SourceVersion "1"]
[SourceVersionDate "2014.11.20"]
[SourceQuality "1"]
[WhiteTeam "Koeln Ford SF"]
[BlackTeam "Godesberg II"]
[WhiteTeamCountry "GER"]
[BlackTeamCountry "GER"]

1. d4 f5 2. Nc3 d5 3. g4 Nf6 4. gxf5 Bxf5 5. Bf4 e6 6. e3 c5 7. Bxb8 Rxb8 8. Bb5+ Nd7 9. Nf3 a6 10. Bxd7+ Qxd7 11. Ne5 Qc7 12. Qf3 cxd4 13. exd4 Bd6 14. 0-0-0 Bxe5 15. dxe5 0-0 16. Qe3 b5 17. Rd2 b4 18. Ne2 Be4 19. Rf1 Rf3 20. Qg5 b3 21. axb3 Rfxb3 22. Rg1 Rxb2 23. Nc3 Bg6 24. Rg3 Qc4 25. Qg4 Qxc3 26. Rxc3 Rb1# 0-1

[Event "Regionalliga Mittelrhein 1213"]
[Site "Germany"]
[Date "2013.03.03"]
[Round "8.7"]
[White "Horstmann, Olaf"]
[Black "Quabach, Juergen"]
[Result "0-1"]
[WhiteElo "2094"]
[BlackElo "1752"]
[PlyCount "62"]
[EventDate "2012.09.09"]
[EventType "team"]
[EventRounds "11"]
[EventCountry "GER"]
[SourceTitle "EXT 2015"]
[Source "ChessBase"]
[SourceDate "2014.11.20"]
[SourceVersion "1"]
[SourceVersionDate "2014.11.20"]
[SourceQuality "1"]
[WhiteTeam "Godesberg II"]
[BlackTeam "Gruenfeld"]
[WhiteTeamCountry "GER"]
[BlackTeamCountry "GER"]

1. e4 e6 2. d3 b5 3. g3 Bb7 4. Bg2 f5 5. Nf3 fxe4 6. Ng5 Nf6 7. Nxe4 Nxe4 8. Qh5+ g6 9. Qe5 Bb4+ 10. c3 0-0 11. dxe4 Bd6 12. Qxb5 Ba6 13. Qa4 Bc5 14. f4 d5 15. Nd2 c6 16. b4 Bb6 17. e5 Bd3 18. Nf3 Qc8 19. Bd2 a5 20. Nd4 Ra6 21. b5 cxb5 22. Nxb5 Qc6 23. c4 Qc5 24. 0-0-0 Bxc4 25. Nc3 Nc6 26. Kb2 Nb4 27. Ka1 Qf2 28. Bf1 Nd3 29. Bxd3 Bxd3 30. Nb5 Bxb5 31. Qxb5 Bd4+ 0-1

[Event "Regionalliga Mittelrhein 1213"]
[Site "Germany"]
[Date "2012.12.02"]
[Round "5.6"]
[White "Horstmann, Olaf"]
[Black "Vossen, Peter"]
[Result "0-1"]
[WhiteElo "2094"]
[BlackElo "1963"]
[PlyCount "66"]
[EventDate "2012.09.09"]
[EventType "team"]
[EventRounds "11"]
[EventCountry "GER"]
[SourceTitle "EXT 2015"]
[Source "ChessBase"]
[SourceDate "2014.11.20"]
[SourceVersion "1"]
[SourceVersionDate "2014.11.20"]
[SourceQuality "1"]
[WhiteTeam "Godesberg II"]
[BlackTeam "Wuerselen"]
[WhiteTeamCountry "GER"]
[BlackTeamCountry "GER"]

1. e4 c5 2. Nc3 Nc6 3. g3 d6 4. Bg2 Nf6 5. d3 Rb8 6. f4 Bg4 7. Nf3 b5 8. h3 Bxf3 9. Qxf3 Nd4 10. Qf2 b4 11. Nd5 e6 12. Nxf6+ Qxf6 13. c3 bxc3 14. bxc3 Nf3+ 15. Qxf3 Qxc3+ 16. Ke2 Qxa1 17. e5 d5 18. Bd2 Qxa2 19. f5 Rb2 20. Rd1 c4 21. fxe6 fxe6 22. Qg4 Kd7 23. dxc4 h5 24. Qg6 Qxc4+ 25. Ke1 Be7 26. Bxd5 exd5 27. Qf5+ Kd8 28. Ba5+ Rb6 29. Bxb6+ axb6 30. Qe6 Bb4+ 31. Kf2 Rf8+ 32. Kg1 Bc5+ 33. Kh1 Qe4+ 0-1

[Event "Bad Godesberg op 16th"]
[Site "Bad Godesberg"]
[Date "2012.07.10"]
[Round "4"]
[White "Jordans, Ralph"]
[Black "Horstmann, Olaf"]
[Result "1/2-1/2"]
[WhiteElo "1899"]
[BlackElo "2151"]
[PlyCount "95"]
[EventDate "2012.07.07"]
[EventType "swiss"]
[EventRounds "9"]
[EventCountry "GER"]
[SourceTitle "CBM 149 Extra"]
[Source "ChessBase"]
[SourceDate "2012.08.24"]
[SourceVersion "1"]
[SourceVersionDate "2012.08.24"]
[SourceQuality "1"]

1. c4 f5 2. Nf3 Nf6 3. Nc3 g6 4. g3 Bg7 5. Bg2 d6 6. d4 0-0 7. 0-0 c6 8. Qb3 Na6 9. Rd1 Qc7 10. Bf4 Nh5 11. Be3 Bd7 12. Bg5 Rae8 13. Rac1 Kh8 14. Qa3 e5 15. Nb5 cxb5 16. cxb5 Qb6 17. bxa6 e4 18. Ne1 bxa6 19. e3 h6 20. Bf4 Rf6 21. Bf1 g5 22. Be2 Nxf4 23. gxf4 d5 24. Ng2 Bf8 25. Qb3 Bd6 26. Qxb6 axb6 27. Bxa6 Ra8 28. Bb7 Rxa2 29. Bxd5 Rxb2 30. Rb1 Rxb1 31. Rxb1 b5 32. Ra1 Bb4 33. Ra8+ Kh7 34. Ra7 Rd6 35. Bb3 Kg6 36. h4 gxh4 37. Nxh4+ Kh5 38. Ng2 Kg4 39. Bf7 Bc6 40. Kf1 Rd7 41. Rxd7 Bxd7 42. Ne1 h5 43. Bb3 h4 44. Bd1+ Kh3 45. Nc2 Bd6 46. Na1 Be6 47. Kg1 Bc4 48. Nb3 1/2-1/2

[Event "Bad Godesberg op 16th"]
[Site "Bad Godesberg"]
[Date "2012.07.07"]
[Round "1"]
[White "Horstmann, Olaf"]
[Black "Runte, Dirk"]
[Result "1-0"]
[WhiteElo "2151"]
[BlackElo "1727"]
[PlyCount "43"]
[EventDate "2012.07.07"]
[EventType "swiss"]
[EventRounds "9"]
[EventCountry "GER"]
[SourceTitle "CBM 149 Extra"]
[Source "ChessBase"]
[SourceDate "2012.08.24"]
[SourceVersion "1"]
[SourceVersionDate "2012.08.24"]
[SourceQuality "1"]

1. e4 c5 2. Nc3 g6 3. g3 Bg7 4. Bg2 e6 5. d3 Ne7 6. Be3 d6 7. Qd2 0-0 8. Bh6 Nbc6 9. h4 f5 10. h5 Rf7 11. hxg6 hxg6 12. Nf3 Qf8 13. Bxg7 Rxg7 14. Nb5 Qd8 15. Qh6 Kf7 16. Ng5+ Kf6 17. Qh4 a6 18. Nxd6 Qxd6 19. Nh7+ Kf7 20. Qf6+ Ke8 21. Qf8+ Kd7 22. Nf6+ 1-0

[Event "Mittelrhein-chT 1112"]
[Site "Germany"]
[Date "2012.05.06"]
[Round "12.6"]
[White "Horstmann, Olaf"]
[Black "Mueller, Hans Dieter"]
[Result "1/2-1/2"]
[WhiteElo "2113"]
[BlackElo "2027"]
[PlyCount "77"]
[EventDate "2011.09.11"]
[EventType "team-tourn"]
[EventRounds "13"]
[EventCountry "GER"]
[SourceTitle "EXT 2013"]
[Source "ChessBase"]
[SourceDate "2012.11.22"]
[SourceVersion "1"]
[SourceVersionDate "2012.11.22"]
[SourceQuality "1"]
[WhiteTeam "Godesberg II"]
[BlackTeam "Bruehl"]
[WhiteTeamCountry "GER"]
[BlackTeamCountry "GER"]

1. e4 e6 2. d3 d5 3. Nd2 c5 4. Ngf3 Nc6 5. g3 g6 6. Bg2 Bg7 7. 0-0 Nge7 8. Re1 Qc7 9. exd5 exd5 10. Nb3 b6 11. d4 c4 12. Bf4 Qd8 13. Nbd2 0-0 14. c3 h6 15. Ne5 g5 16. Be3 Bb7 17. f4 f6 18. Nxc6 Bxc6 19. Qf3 Qd7 20. Bf2 Rae8 21. f5 Nxf5 22. Nxc4 Nd6 23. Ne3 Ne4 24. Nf5 Nd2 25. Qd3 Ne4 26. g4 Nd6 27. Nxd6 Qxd6 28. Qf5 Kh8 29. Bf1 Re4 30. Rxe4 dxe4 31. Re1 Re8 32. c4 Bd7 33. Qg6 Qf4 34. Bd3 Qxg4+ 35. Bg3 f5 36. Be2 Qh3 37. Bf1 Qg4 38. Be2 Qh3 39. Bf1 1/2-1/2

[Event "Mittelrhein-chT 1112"]
[Site "Germany"]
[Date "2012.02.05"]
[Round "8.6"]
[White "Horstmann, Olaf"]
[Black "Gorges, Kambiz"]
[Result "1-0"]
[WhiteElo "2113"]
[BlackElo "1854"]
[PlyCount "64"]
[EventDate "2011.09.11"]
[EventType "team-tourn"]
[EventRounds "13"]
[EventCountry "GER"]
[SourceTitle "EXT 2013"]
[Source "ChessBase"]
[SourceDate "2012.11.22"]
[SourceVersion "1"]
[SourceVersionDate "2012.11.22"]
[SourceQuality "1"]
[WhiteTeam "Godesberg II"]
[BlackTeam "Aachen Hoern"]
[WhiteTeamCountry "GER"]
[BlackTeamCountry "GER"]

1. e4 c5 2. Nc3 e6 3. g3 d5 4. exd5 exd5 5. Bg2 Nf6 6. d3 d4 7. Ne4 Nxe4 8. dxe4 Nc6 9. Ne2 c4 10. 0-0 Bc5 11. Nf4 0-0 12. Qh5 Bd6 13. Nd5 Be6 14. Bd2 Rc8 15. Nf4 Bd7 16. Qd5 Qe7 17. Qxc4 Nb4 18. Qb3 Nxc2 19. Rac1 Bxf4 20. Bxf4 Be6 21. Qa4 Qc5 22. Rfd1 Rfd8 23. Bf1 Qb4 24. Qxb4 Nxb4 25. Rxc8 Bxc8 26. a3 Nc6 27. b4 Bg4 28. Rd3 f6 29. f3 Be6 30. Rd1 g5 31. Bc1 Ne5 32. Kf2 d3 1-0

[Event "Mittelrhein-chT 1112"]
[Site "Germany"]
[Date "2012.01.15"]
[Round "7.6"]
[White "Kneutgen, Alexander"]
[Black "Horstmann, Olaf"]
[Result "1/2-1/2"]
[WhiteElo "2036"]
[BlackElo "2113"]
[PlyCount "83"]
[EventDate "2011.09.11"]
[EventType "team-tourn"]
[EventRounds "13"]
[EventCountry "GER"]
[SourceTitle "EXT 2013"]
[Source "ChessBase"]
[SourceDate "2012.11.22"]
[SourceVersion "1"]
[SourceVersionDate "2012.11.22"]
[SourceQuality "1"]
[WhiteTeam "Niederkassel"]
[BlackTeam "Godesberg II"]
[WhiteTeamCountry "GER"]
[BlackTeamCountry "GER"]

1. e4 d5 2. exd5 Qxd5 3. Nc3 Qa5 4. d4 Nf6 5. Nf3 Bg4 6. h3 Bh5 7. g4 Bg6 8. Ne5 e6 9. Bg2 c6 10. 0-0 Nbd7 11. Nxd7 Nxd7 12. f4 0-0-0 13. f5 exf5 14. d5 fxg4 15. dxc6 bxc6 16. Qxg4 Bd6 17. Kh1 h5 18. Qg5 Qxg5 19. Bxg5 f6 20. Be3 Kb7 21. Nb5 Bc5 22. Nd4 Bxd4 23. Bxd4 Rhe8 24. Rfe1 Ne5 25. c3 Nd3 26. Rxe8 Rxe8 27. b4 Re2 28. b5 Be4 29. Bxe4 Rxe4 30. bxc6+ Kxc6 31. Bxa7 g5 32. Rd1 Nf4 33. Kh2 Re2+ 34. Kg3 Rxa2 35. Bd4 Rg2+ 36. Kf3 Rh2 37. Bxf6 Rxh3+ 38. Ke4 Ne6 39. Kf5 Re3 40. Bxg5 Nxg5 41. Kxg5 Rxc3 42. Kxh5 1/2-1/2